Géographie: Noms fusionnés #2 - Statistiques

Statistiques générales
  • Ce quiz a été pris 284 fois
    221 depuis la dernière actualisation
  • Le résultat moyen est 14 sur 20
Statistiques - réponses
Réponse % Correct
Los Angeles
99%
Roumanie
99%
Laos
98%
Montréal
94%
New York
90%
Zambie
88%
Mongolie
87%
Yémen
82%
Angola
81%
Oman
81%
Azerbaïdjan
80%
Turkménistan ou Afghanistan
72%
Amazone
64%
Yorkshire
61%
Erevan
52%
Congo
47%
Everest
44%
Rome
24%
Aconcagua
23%
Montana
14%
Aucun quiz correspondant
Distribution des résultats
% des personnes avec chaque résultat
Percentile par nombre de réponses
Votre historique - résultats
Vous n’avez pas pris ce quiz depuis la dernière actualisation